000 01377nam0a2200325 4500
001 RU\NLR\b_ik\82545
005 20250616224555.0
035 _a(NLR Aleph) 002156668
090 _a2469609
_c2469609
100 _a20020219d2001 |||y0rusy50 ca
101 1 _aeng
_crus
102 _aRU
105 _aa |||||||||
200 1 _aPHENIX PbGl cluster identification
_fM. Volkov, A. Bazilevsky, E. Kistenev
210 _aM.
_cS.n.
_d2001
215 _a12 c.
_cил.
_d21
225 1 _aRussian research centre "Kurchatov institute"
_vIAE-6214/14
300 _aНадзаг. также на рус. яз
320 _aБиблиогр.: с. 12
330 _aЭлектромагнитные калориметры PHENIX
606 0 _aКалориметры электромагнитные для установки ФЕНИКС
_91230947
_3RU\NLR\AUTH\66501960
606 0 _aPHENIX, установка для ядерных исследований
_xЭлектромагнитные калориметры
_92242909
_3RU\NLR\AUTH\661345756
686 1 _aВ381.585
700 1 _aVolkov
_bM.
_4070
701 1 _aBazilevskij
_bA. V.
_gAleksandr Viktorovič
_4070
701 1 _aKistenev
_bÉ. P.
_gÉduard Petrovič
_4070
801 0 _aRU
_bNLR
_c20020219
_gPSBO
942 _cBOOK
980 _aNB